00869nam a2200241Ia 4500003000900000008004100009020002200050040001600072080001800088100003200106245009500138260003100233300001400264490003600278650003100314650003200345650002000377700002800397700003200425942000700457999001700464952014600481IN-BaIIA211028s9999 xx 000 0 eng d a978-3-642-41719-1 cIIA Library a524.6-52bBLA aBland-Hawthorn, Joss936244 4aThe Origin of the galaxy and local groupcJoss Bland-Hawthorn, K. Freeman and F. Matteucci aHeidelbergbSpringerc2014 aix, 231p. aSaas-Fee advanced course; v. 37 aGalaxies - Evolutio936245 aGalaxies - Formation920088 aMilky Way96712 aFreeman, Kenneth936246 aMatteucci, Francesca925848 cBK c18987d18987 00104070aBANbBANcGENd2015-03-16eAMA g2321.00l1o524.6-52/ BLAp19909r2022-09-30s2021-12-08v2321.00w2015-03-16yBKGRs. 2321.00